Les adversaires de Sochaux (FCSM) en coupe d’europe au XXIè - Statistiques

Statistiques générales
  • Ce quiz a été pris 44 fois
  • Le résultat moyen est 3 sur 13
Statistiques - réponses
Hint Réponse % Correct
2003/2004 Trente-deuxième de finale Dortmund
88%
2003/2004 Seizième de finale Inter Milan
83%
2011/2012 Qualification Metalist Kharkiv
28%
2004/2005 Phase de poule Sporting Lisbonne
20%
2004/2005 Phase de poule Newcastle
18%
2004/2005 Seizième de finale Olympiakos
18%
2007/2008 Qualification Panionios
18%
2004/2005 Phase de poule Panionios
18%
2002/2003 Demi-Finale Fulham
13%
2004/2005 Phase de poule Dinamo Tbilisi
8%
2003/2004 Soixante-Quatrième de finale MyPa
8%
2002/2003 Quart de finale Slovacko
5%
2002/2003 Huitième de finale Zalgiris
5%
Aucun quiz correspondant
Distribution des résultats
% des personnes avec chaque résultat
Percentile par nombre de réponses
Votre historique - résultats
Vous n’avez pas pris ce quiz